000 00713cam a22002537a 4500
003 CHAP
005 20220329134936.0
008 971013s r 00010 d
010 _a28432
011 _a29404
035 _a33515
040 _cCHAP
090 _aR-4
100 0 0 _aMunz, Phillip Alexander.
_979526
245 1 2 _aA neglected character in western ashes (Fraxinus)
500 _aSobretiro de: El Aliso 2(1): 49-62, 1949
501 _aEnc. con otros impresos similares
590 _aBATCH-UPD
_b10
_c20130110
_lUCH01
_h2152
590 _aCONVERSION
_b10
_c20130109
_lUCH01
_h1316
650 1 4 _aFraxinus.
_943079
901 _aBK
942 _cREIMP
949 _aR-4
_bBC
_cR
_d-78036
_eTS1
_i33515
_si
999 _c28432
_d28432